000 00665nam a2200229Ia 4500
003 GCL
008 140319s9999 xx 000 0 ara d
040 _aGCL /
_cGCL
082 0 4 _a344.01
_bع ش
100 1 _aعبدالناصر توفيق العطار
245 1 0 _aشرح احكام قانون العمل /
_cعبدالناصر توفيق العطار
260 _a[S.N] :
_bلا يوجد ،
_c1989
300 _a400 ص
490 _a
650 0 4 _aالقانون
650 0 4 _aمصر
650 0 4 _aالعمل والعمال
650 0 4 _aالاجور
650 0 4 _aساعات العمل
650 0 4 _aتفويضات العمال
942 _2ddc
_cBK
999 _c55684
_d55684